100 największych miast Grupy Wyszehradzkiej na mapie - Statystyki

Ogólne statystyki
  • Ten quiz został rozwiązany 276 razy
    166 od ostatniego zresetowania
  • Średni wynik to 69 z 100
Odpowiedzi na mapie
Odpowiedzi zakodowano w zielono-czerwonej skali na mapie do tego quizu, zgodnie z poniższymi procentami.
 
Statystyki odpowiedzi
Państwo Miasto % Poprawnych
Polska Gdańsk
99%
Polska Gdynia
99%
Polska Krakow
99%
Polska Poznań
99%
Polska Warszawa
99%
Czechy Praga
98%
Polska Łódź
97%
Polska Szczecin
97%
Polska Wrocław
97%
Polska Białystok
96%
Węgry Budapeszt
96%
Polska Bydgoszcz
96%
Polska Katowice
96%
Polska Lublin
96%
Polska Rzeszów
96%
Polska Toruń
95%
Słowacja Bratysława
94%
Polska Radom
94%
Polska Zielona Góra
94%
Polska Częstochowa
93%
Polska Olsztyn
93%
Polska Suwałki
93%
Polska Gorzów Wielkopolski
92%
Polska Koszalin
91%
Polska Chorzów
90%
Polska Elbląg
90%
Polska Kielce
90%
Czechy Brno
89%
Czechy Ostrawa
89%
Polska Opole
88%
Polska Tarnów
88%
Polska Gliwice
87%
Polska Wałbrzych
87%
Polska Kalisz
86%
Polska Legnica
86%
Polska Płock
86%
Polska Ełk
85%
Polska Sosnowiec
85%
Polska Zabrze
85%
Polska Jelenia Góra
84%
Polska Bielsko-Biała
83%
Polska Lubin
83%
Polska Nowy Sącz
83%
Polska Slupsk
83%
Polska Włocławek
81%
Polska Bytom
80%
Słowacja Koszyce
80%
Polska Piła
80%
Polska Piotrków Trybunalski
80%
Polska Tychy
80%
Polska Łomża
79%
Polska Pruszków
79%
Polska Dąbrowa Górnicza
78%
Polska Konin
78%
Polska Rybnik
78%
Polska Siedlce
78%
Polska Inowrocław
76%
Polska Gniezno
75%
Polska Stargard
75%
Polska Leszno
74%
Polska Głogów
72%
Polska Pabianice
70%
Czechy Pilzno
70%
Polska Ruda Śląska
70%
Czechy Ołomuniec
67%
Polska Jastrzębie-Zdrój
66%
Polska Jaworzno
66%
Czechy Liberec
66%
Polska Mysłowice
65%
Polska Ostrowiec Świętokrzyski
65%
Polska Ostrów Wielkopolski
61%
Polska Siemianowice Śląskie
61%
Polska Tarnowskie Góry
61%
Polska Żory
57%
Węgry Debreczyn
50%
Słowacja Żylina
49%
Słowacja Preszów
46%
Słowacja Bańska Bystrzyca
43%
Węgry Gyor
43%
Czechy Pardubice
43%
Czechy Czeskie Budziejowice
41%
Słowacja Trnawa
41%
Czechy Hradec Kralove
40%
Węgry Miszkolc
39%
Słowacja Nitra
38%
Węgry Pecz
29%
Węgry Segedyn
29%
Czechy Zlin
28%
Czechy Uście nad Łabą
25%
Węgry Szombathely
19%
Węgry Szekesfehervar
17%
Czechy Most
16%
Czechy Hawierzów
13%
Węgry Kecskemet
12%
Czechy Kladno
12%
Węgry Nyiregyhaza
12%
Węgry Sopron
12%
Węgry Szolnok
9%
Węgry Tatabánya
9%
Węgry Érd
8%
Nie znaleziono quizów pasujących do podanych kryteriów
Rozkład punktacji
Procent ludzi z każdym wynikiem
Percentyl według liczby udzielonych odpowiedzi
Twoja historia wyników
Nie rozwiązałeś tego quizu od ostatniego zresetowania